| 000 | 00562nam a2200097Ia 4500 | ||
|---|---|---|---|
| 008 | 160725s9999 xx 000 0 und d | ||
| 100 | _aCarreon, Bob James G., Dado, Desiree C., De Guia, Nancy L., De los Trinos, Chona M., Galindez, Mayme L., Guiterrrez, Myrna T. & Lacuna, Aristheo M. | ||
| 245 | _aCompetencies required by selected de luxe hotels in Metro Manila: basis for an outcomes-based on-the-job training for senior college students. | ||
| 260 |
_bKaizen Research Journal College of Business Administration _cJanuary 2014 |
||
| 650 | _aBUSINESS ADMINISTRATION | ||
| 999 |
_c297997 _d297997 |
||